Oman Immigration by Country - Statistics

General Stats
  • This quiz has been taken 222 times
    182 since last reset
  • The average score is 9 of 12
Answer Stats
Immigrants Country % Correct
1,201,995 India
99%
218,522 Pakistan
95%
276,518 Bangladesh
87%
10,734 Iraq
86%
16,584 United Arab Emirates
82%
77,119 Egypt
81%
65,305 Indonesia
74%
26,268 Sri Lanka
74%
10,464 United Kingdom
74%
40,397 Philippines
69%
17,724 Sudan
60%
19,108 Jordan
59%
No matching quizzes found
Score Distribution
Percent of People with Each Score
Percentile by Number Answered
Your Score History
You have not taken this quiz since the last reset